LEADER 01272nam a2200253 i 4500 001 991004301433707536 005 20231227181745.0 008 231227s1995 it | |||| | ita d 020 $a8876781048 040 $aBibl. Dip.le Aggr. Ingegneria Innovazione - Sez. Ingegneria Innovazione$bita 100 1 $aGaravaglia, Gianpaolo$0148419 245 10$aGli incunaboli della biblioteca civica Farinone Centa e della società d'incoraggiamento allo studio del disegno /$cGianpaolo Garavaglia 260 $aTorino :$bRegione Piemonte, Assessorato alla cultura,$c1995 300 $a231 p. ;$c25 cm. 650 0$aIncunabuli$xCataloghi 650 0$aVarallo$xBiblioteca civica$xCataloghi 650 0$aVarallo$xSocietà d'incoraggiamento allo studio del disegno$xBiblioteca$xCataloghi 650 0$aIncunaboli$xVarallo Sesia$xSocietà d'incoraggiamento allo studio del disegno$xBiblioteca$xCataloghi 650 0$aIncunaboli$xVarallo Sesia$xBiblioteca Civica$xCataloghi 710 2 $aBiblioteca civica Farinone Centa Varallo 710 2 $aSocietà d'incoraggiamento allo studio del disegno 912 $a991004301433707536 996 $aGli incunaboli della biblioteca civica Farinone Centa e della società d'incoraggiamento allo studio del disegno$93659447 997 $aUNISALENTO LEADER 01956nam 2200541 450 001 9910815201203321 005 20230814222454.0 010 $a1-61537-193-1 035 $a(CKB)4100000004821528 035 $a(Au-PeEL)EBL5400330 035 $a(OCoLC)1020295551 035 $a(MiAaPQ)EBC5400330 035 $a(EXLCZ)994100000004821528 100 $a20180615d2018 uy 0 101 0 $aeng 135 $aurcnu|||||||| 181 $ctxt$2rdacontent 182 $cc$2rdamedia 183 $acr$2rdacarrier 200 10$aNarcissism and its discontents $ediagnostic dilemmas and treatment strategies with narcissistic patients /$fGlen O. Gabbard, Holly Crisp 205 $aFirst edition. 210 1$aWashington, DC :$cAmerican Psychiatric Association Publishing,$d[2018] 210 4$d©2018 215 $a1 online resource (176 pages) 311 $a1-61537-127-3 320 $aIncludes bibliographical references and index. 327 $aNarcissism and its discontents -- The cultural context of narcissism -- Modes of relatedness -- Beginning the treatment -- Transference and countertransference -- Tailoring the treatment to the patient -- Specific treatment strategies -- Termination. 606 $aNarcissism 606 $aPersonality Disorders$xtherapy 606 $aPersonality Disorders$xdiagnosis 606 $aTreatment Outcome 606 $aPhysician-Patient Relations 615 12$aNarcissism 615 12$aPersonality Disorders$xtherapy 615 22$aPersonality Disorders$xdiagnosis 615 22$aTreatment Outcome 615 22$aPhysician-Patient Relations 676 $a616.85/854 700 $aGabbard$b Glen O.$0167351 702 $aCrisp$b Holly 712 02$aAmerican Psychiatric Association Publishing, 801 0$bMiAaPQ 801 1$bMiAaPQ 801 2$bMiAaPQ 906 $aBOOK 912 $a9910815201203321 996 $aNarcissism and its discontents$94086012 997 $aUNINA LEADER 02228nam0 22005293i 450 001 VAN00261464 005 20250825040530.480 017 70$2N$a9783642672620 100 $a20230717d1979 |0itac50 ba 101 $aeng$aFRE 102 $aDE 105 $a|||| ||||| 200 1 $aSynergetics$eFar from Equilibrium$eProceedings of the Conference Far from Equilibrium: Instabilities and Structures Bordeaux, France, September 27-29,1978$fedited by A. Pacault and C. Vidal 210 $aBerlin$cSpringer$d1979 215 $ax, 178 p.$cill.$d24 cm 410 1$1001VAN00051949$12001 $aSpringer Series in Synergetics$1210 $aBerlin [etc.]$cSpringer$v3 606 $a00A79 (77-XX)$xPhysics [MSC 2020]$3VANC023182$2MF 606 $a00Bxx$xConference proceedings and collections of articles [MSC 2020]$3VANC021742$2MF 606 $a80Axx$xThermodynamics and heat transfer [MSC 2020]$3VANC029102$2MF 606 $a85-XX$xAstronomy and Astrophysics [MSC 2020]$3VANC023246$2MF 606 $a93-XX$xSystems theory; control [MSC 2020]$3VANC027040$2MF 610 $aBifurcations$9KW:K 610 $aChemical reactions$9KW:K 610 $aCommunications$9KW:K 610 $aComplex Systems$9KW:K 610 $aDynamics$9KW:K 610 $aEquilibrium$9KW:K 610 $aKinetics$9KW:K 610 $aLaser$9KW:K 610 $aPotential$9KW:K 610 $aStability$9KW:K 610 $aStructures$9KW:K 610 $aSynergetics$9KW:K 610 $aSystems$9KW:K 610 $aTurbulence$9KW:K 620 $dBerlin$3VANL000066 702 1$aPacault$bAdolphe$3VANV215807 702 1$aVidal$bChristian$3VANV027417 712 $aSpringer $3VANV108073$4650 801 $aIT$bSOL$c20250905$gRICA 856 4 $uhttps://doi.org/10.1007/978-3-642-67262-0$zE-book ? Accesso al full-text attraverso riconoscimento IP di Ateneo, proxy e/o Shibboleth 899 $aBIBLIOTECA DEL DIPARTIMENTO DI MATEMATICA E FISICA$1IT-CE0120$2VAN08 912 $fN 912 $aVAN00261464 950 $aBIBLIOTECA DEL DIPARTIMENTO DI MATEMATICA E FISICA$d08DLOAD e-book 6240 $e08eMF6240 20230726 996 $aSynergetics$91886250 997 $aUNICAMPANIA